Urbanización en el subdesarrollo /
Na minha lista:
| Autor principal: | |
|---|---|
| Formato: | Texto |
| Assuntos: | |
| Tags: |
Adicionar Tag
Sem tags, seja o primeiro a adicionar uma tag!
|
MARC
| LEADER | 00000 a a2200000 04500 | ||
|---|---|---|---|
| 001 | 41776 | ||
| 003 | |||
| 040 | |||
| 100 | |a Hiernaux Nicolas, Daniel A | ||
| 245 | |a Urbanización en el subdesarrollo / |c Daniel A Hiernaux Nicolas | ||
| 650 | |a URBANIZACION | ||
| 650 | |a SUBDESARROLLO | ||
| 650 | |a LUCHA DE CLASES | ||
| 650 | |a CAPITALISMO | ||
| 773 | |g volumen9, número34 (1978), páginas 119-132 | ||
| 999 | |c 22855 |d 22855 | ||
